Harry Styles Movies! - Statistics

General Stats
  • This quiz has been taken 366 times
  • The average score is 3 of 7
Answer Stats
Hint Answer % Correct
2022 Don't Worry Darling
97%
2017 Dunkirk
93%
2022 My Policeman
90%
2021 Eternals
62%
TBD Faster, Cheaper, Better
2%
2018 Love, Simon
2%
2014 Say 'I Love You'
1%
No matching quizzes found
Score Distribution
Percent of People with Each Score
Percentile by Number Answered
Your Score History
You have not taken this quiz